| 000 | 00779cam a2200289 4500500 | ||
|---|---|---|---|
| 005 | 20260329005253.0 | ||
| 041 | _afre | ||
| 042 | _adc | ||
| 100 | 1 | 0 |
_aPernes, Caroline _eauthor |
| 245 | 0 | 0 | _aPourquoi porte-t-on du maquillage ? |
| 260 | _c2023. | ||
| 500 | _a55 | ||
| 690 | _aAliénation | ||
| 690 | _aArtificiel | ||
| 690 | _aBeauvoir | ||
| 690 | _aFemme | ||
| 690 | _aJudith Butler | ||
| 690 | _aMaquillage | ||
| 690 | _aMontaigne | ||
| 690 | _aPerformance | ||
| 690 | _aPlaton | ||
| 690 | _aSéduction | ||
| 690 | _aSubversion | ||
| 690 | _aVisage | ||
| 786 | 0 | _nPhilosophie magazine | 166 | 1 | 2023-02-01 | p. 43-43 | 1951-1787 | |
| 856 | 4 | 1 | _uhttps://shs.cairn.info/magazine-philosophie-magazine-2023-1-page-43?lang=fr&redirect-ssocas=7080 |
| 999 |
_c1841852 _d1841852 |
||